Online
Catalog
Normal view MARC view

Entry Nombre personal

Number of records used in: 81

001 - NÚMERO DE CONTROL

  • campo de control: 2405

003 - IDENTIFICADOR DEL NÚMERO DE CONTROL

  • campo de control: BNPHU

005 - FECHA Y HORA DE LA ÚLTIMA TRANSACCIÓN

  • campo de control: 20240319181833.0

008 - DATOS DE LONGITUD FIJA

  • campo de control de longitud fija: 200615|| aca||aabn | a|a d

010 ## - NÚMERO DE CONTROL DE LA BIBLIOTECA DEL CONGRESO

  • Número de control de LC: n 85212549

040 ## - FUENTE DE LA CATALOGACIÓN

  • Centro catalogador/agencia de origen: DO-SdBNP
  • Lengua de catalogación: spa
  • Centro/agencia transcriptor: BNPHU
  • Normas de descripción: rda

100 1# - ENCABEZAMIENTO-NOMBRE DE PERSONA

  • Nombre de persona: Bello Peguero, Rafael,
  • Fechas asociadas al nombre: 1932-2022

370 ## - LUGAR ASOCIADO

  • Lugar de nacimiento: Baní (República Dominicana)

374 ## - OCUPACIÓN

  • Ocupación: Escritor
  • Ocupación: Intelectual
  • Ocupación: Eminente
  • Ocupación: Portento del clero
  • Ocupación: Médico

375 ## - GÉNERO/SEXO

  • Género/Sexo: Masculino

377 ## - LENGUA/LENGUAJE ASOCIADO

  • Código del idioma: spa

400 1# - TRAZADO DE VÉASE--NOMBRE DE PERSONA

  • Nombre de persona: Peguero, Rafael Bello,
  • Fechas asociadas al nombre: 1932-

670 ## - FUENTE DE DATOS ENCONTRADOS

  • Cita de la fuente: Lluberes, Antonio, 1946- 2402, Breve historia de la iglesia dominicana 1493-1997 /, 1998.

670 ## - FUENTE DE DATOS ENCONTRADOS

  • Cita de la fuente: Hermanas Mercedarias de la Caridad en República Dominicana, 1985:

Powered by Koha